Suma poética : amplia colección de poesía religiosa española /

Pemán y el historiador y crítico literario andaluz Miguel Herrero García (1895-1961) seleccionaron esta antología de poesía religiosa, publicada por primera vez en 1944. Esta segunda edición (1950) contiene aproximadamente 500 composiciones de un total de 310 autores, dispuestas en ocho ciclos o tem...

Descrizione completa

Salvato in:
Dettagli Bibliografici
Autore principale: Pemán, José María (antología)
Altri autori: Herrero García, Miguel (antología) (antología)
Natura: Libro
Lingua:spagnolo
Edizione:2a edición
Serie:(Biblioteca de Autores Cristianos ; 2)
Soggetti:
Tags: Aggiungi Tag
Nessun Tag, puoi essere il primo ad aggiungerne!!

MARC

LEADER 00000nam^a2200000^a^4500
001 000369483
005 20250521000000.0
009 20260310115837.373
037 |a Acervo Xavier Clavigero 
041 |a ESP 
082 |a 200.  |b BAC V. 2 
100 |a Pemán, José María  |e (antología) 
245 1 0 |a Suma poética :  |b amplia colección de poesía religiosa española /  |c Antología de J.M. Pemán, M. Herrero García ; prelim. de J.M. Pemán. 
250 |a 2a edición 
264 |a Madrid, España :  |b Editorial Católica,  |c 1950 
300 |a XVI, 800 p. 
336 |a texto  |b txt  |2 rdacontenido 
337 |a sin mediación  |b n  |2 rdamedio 
338 |a volumen  |b nc  |2 rdasoporte 
440 1 |a (Biblioteca de Autores Cristianos ;  |v 2) 
520 |a Pemán y el historiador y crítico literario andaluz Miguel Herrero García (1895-1961) seleccionaron esta antología de poesía religiosa, publicada por primera vez en 1944. Esta segunda edición (1950) contiene aproximadamente 500 composiciones de un total de 310 autores, dispuestas en ocho ciclos o temas: bíblico del Viejo Testamento, evangélico, eucarístico, virgíneo, hagiográfico y ascético-místico. 
545 0 |a José María Pemán (Cádiz, 1897-1981), prolífico autor español de tendencia conservadora, cuyo pensamiento quedó reflejado tanto en su obra literaria como en su actuación política a lo largo de la historia de España del siglo XX. Estudió Derecho en Sevilla e inició su trayectoria literaria con poemas costumbristas de tema andaluz, como ejemplifican A la rueda, rueda (1929) y El barrio de Santa Cruz (1931), y la colección de relatos Cuentos sin importancia (1927), al tiempo que desempeñó cargos públicos en la dictadura de Miguel Primo de Rivera. Irrumpió como dramaturgo y propagandista de ideas monárquicas y tradicionalistas, sus facetas más conocidas, durante la Segunda República con obras como El divino impaciente (1933, premio Cortina de la Real Academia), Cuando las Cortes de Cádiz (1934) y Cisneros (1935) y el ejercicio del periodismo político. Miembro desde 1936 de la Real Academia Española, que luego presidió en dos ocasiones, se adhirió al bando nacionalista en la Guerra Civil, cuando compuso su ambicioso Poema de la bestia y el ángel (1938) y su Historia de tres días (1939), crónica de la entrada de las fuerzas nacionalistas a Madrid. Prosiguió sin sobresaltos su carrera literaria-política durante el franquismo, etapa de la que pueden mencionarse el libro de poesía Las flores del bien (1946); adaptaciones de clásicos como Antígona (1946) o Hamlet (1949); guiones o argumentos de películas como Locura de amor (1948), San Ignacio de Loyola/El capitán de Loyola (1947) y Teresa de Jesús (1962); la obra de teatro Los tres etcéteras de don Simón (1958); sus colaboraciones para el diario madrileño Abc y la composición de diversos himnos militares o religiosos. Doctor Honoris Causa por la Universidad de Sevilla, Premio Mariano de Cavia de periodismo (1955) y premio March de Literatura (1957), fue condecorado con la Orden del Toisón de Oro el año de su muerte. 
561 |a Ex libris de Bibl. Junioratus San Cayetano, ejemplar 1 
561 |a Ex libris de Bibl. Magnopontanae Domus Scti. Ioseph. Prov. Mex. Sept. S.I., ejemplar 2 
649 |a XX 
650 |a Poesía Religiosa -  |z España 
650 |a Poesía Española 
650 |a Literatura Cristiana -  |z España 
650 |a Literatura Religiosa -  |z España 
650 |a Religión y Literatura -  |z España 
650 |a Literatura Española 
700 |a Herrero García, Miguel  |e (antología) 
910 |a Fondo General 
920 |a Impresos - Libros 
930 |a Colección General 
905 |a 101 
901 |a 046155  |b IT1  |c ACC  |u 20250521 
901 |a 046129  |b IT1  |c ACC  |u 20250521 
902 |a https://opac.biblio.iteso.mx/vufind/Record/000369483